Požiadavky na prijímacie skúšky z cudzích jazykov nemecký jazyk

Bibliographic Details
Main Authors: Moravcová, Ľubomíra (Author), Rákošiová, Emília (Author), Trošoková, Ľudmila (Author), Wrede, Oľga (Author)
Format: Book
Language:German
Slovak
PhysicalDescription:167 s. 24 cm
Published: V Nitre Slovenská poľnohospodárska univerzita 2011
ISBN:9788055205236
Edition:2. nezmen. vyd.
Subjects:

MARC

LEADER 00000nam a2200000 a 4500
001 vtls010271700
003 SK-MaSNL
005 20260301173029.0
008 180809s2011 xo e b 000 0 ger
015 |a SNBA2011/07-04148 
020 |a 9788055205236  |q (brož.) 
035 |a 063C0705-996A-4569-BE3D-04D55A4ECAC2 
035 |a urn:nbn:sk:snk-amjhlo 
035 |a urn:nbn:sk:snk-am001smn 
040 |a SNK  |b slo  |c SNK  |e AACR2 
041 0 |a ger  |a slo 
044 |a xo  |c SK 
072 7 |a 811.112.2  |x Nemčina  |2 konspekt 
080 |a 811.112.2  |2 2001 
080 |a 371.279.5/.6  |2 2001 
080 |a 378  |2 2001 
080 |a (035)  |2 2001 
245 0 0 |a Požiadavky na prijímacie skúšky z cudzích jazykov  |b nemecký jazyk  |c [Ľubomíra Moravcová ... [et al.]] 
246 1 4 |a Požiadavky na prijímacie skúšky  |b cudzie jazyky nemecký jazyk 
250 |a 2. nezmen. vyd. 
260 |a V Nitre  |b Slovenská poľnohospodárska univerzita  |c 2011 
300 |a 167 s.  |c 24 cm 
366 |e 250 výt. 
504 |a Bibliogr. s. 165 
546 |a Čiast. text slov. 
650 0 7 |a nemčina  |2 SNKPH  |9 1384 
650 0 7 |a prijímacie skúšky  |2 SNKPH  |9 1229 
650 0 7 |a vysoké školy  |2 SNKPH  |9 1277 
650 0 7 |a German language  |2 SNKPHeng  |9 278149 
650 0 7 |a Entrance examinations  |2 SNKPHeng  |9 311635 
650 0 7 |a Universities and colleges  |2 SNKPHeng  |9 265426 
655 7 |a príručky  |2 SNKPH  |9 74364 
655 7 |a Handbooks, manuals, etc.  |2 SNKPHeng  |9 90964 
700 1 |a Moravcová, Ľubomíra  |4 aut  |9 40300 
700 1 |a Rákošiová, Emília  |4 aut  |9 40303 
700 1 |a Trošoková, Ľudmila  |4 aut  |9 39584 
700 1 |a Wrede, Oľga  |4 aut  |9 335916 
752 |a Slovensko  |d Nitra 
919 |a 978-80-552-0523-6 
958 |a NB 
968 |d 81 
999 |c 835513  |d 837443 
952 |a SNK  |b SNK  |y PREZ  |7 0  |p 17A0696952  |o snkSC 145042  |i snk2011/8804  |8 0  |0 0  |1 0  |4 0  |d 2011-04-15  |l 0  |r 2025-07-14 00:00:00  |w 2026-02-24 
952 |a SNK  |b SNK  |y VYP  |7 0  |p 17A0696951  |o snkSC 145042 D1  |i snk2011/8805  |8 0  |0 0  |1 0  |4 0  |d 2011-04-15  |f 1  |l 0  |r 2026-02-24 03:52:07  |w 2026-02-24